Cash boost for green farmers (Record no. 117752)

MARC details
000 -LEADER
fixed length control field 01038cam a2200229 4500
001 - CONTROL NUMBER
control field WB@3612-806
008 - FIXED-LENGTH DATA ELEMENTS--GENERAL INFORMATION
fixed length control field 040722n2004 000 0 eng u
035 ## - SYSTEM CONTROL NUMBER
System control number (Sirsi) u126899
245 ## - TITLE STATEMENT
Title Cash boost for green farmers
260 ## - PUBLICATION, DISTRIBUTION, ETC.
Date of publication, distribution, etc. 2004
490 ## - SERIES STATEMENT
Series statement DEFRA News Release
Volume/sequential designation (294/04) 22 July 2004 (3)
520 ## - SUMMARY, ETC.
Summary, etc. The government has released plans to promote more environment-friendly and sustainable farming. In future, farmers in England sharing £1.7bn of subsidies will have to meet new cross-compliance standards designed to give extra protection to the environment, soil, wildlife habitats and the landscape. Farmers will also be eligible for payment under a new agri-environment Entry level stewardship scheme. http://www.defra.gov.uk/news/2004/040722c.htm
590 ## - LOCAL NOTE (RLIN)
Local note WB
590 ## - LOCAL NOTE (RLIN)
Local note WB
650 ## - SUBJECT ADDED ENTRY--TOPICAL TERM
Topical term or geographic name entry element RURAL DEVELOPMENT
650 ## - SUBJECT ADDED ENTRY--TOPICAL TERM
Topical term or geographic name entry element SUSTAINABLE FARMING
650 ## - SUBJECT ADDED ENTRY--TOPICAL TERM
Topical term or geographic name entry element FARMING POLICIES
650 ## - SUBJECT ADDED ENTRY--TOPICAL TERM
Topical term or geographic name entry element FARMING PRACTICES
650 ## - SUBJECT ADDED ENTRY--TOPICAL TERM
Topical term or geographic name entry element ENVIRONMENTAL FARMING
690 ## - LOCAL SUBJECT ADDED ENTRY--TOPICAL TERM (OCLC, RLIN)
Topical term or geographic name as entry element RURAL-FARM BUSINESS MANAGEMENT
942 ## - ADDED ENTRY ELEMENTS (KOHA)
Suppress in OPAC 0
Holdings
Withdrawn status Lost status Source of classification or shelving scheme Damaged status Not for loan Home library Current library Shelving location Date acquired Total Checkouts Full call number Barcode Date last seen Copy number Price effective from Koha item type
    Other/Generic Classification Scheme     London London News article 22/07/2004   WB@3612-806 126899-1001 06/08/2019 1 06/08/2019 News article